| 000 | 00730cab a2200265 4500 | ||
|---|---|---|---|
| 001 | ABS47642 | ||
| 008 | 090401t1992 xxu||||| |||| 00| 0 eng d | ||
| 035 | _a(Sirsi) u62779 | ||
| 041 | _aeng | ||
| 100 | _aLloyd, H. | ||
| 245 | 2 | _aA to Z of the Maastricht Treaty | |
| 260 | _c1992 | ||
| 350 | _a0 | ||
| 490 |
_aBuilding _v257(7771) 20 November 1992, 36(1) |
||
| 520 | _aDiscusses the effect the Maastricht Treaty (if ratified) will have on UK construction law. | ||
| 650 | _aCONSTRUCTION INDUSTRY | ||
| 650 | _aCONSTRUCTION LAW | ||
| 650 | _aEC DIRECTIVES | ||
| 650 | _aEC LAW | ||
| 650 | _aMAASTRICHT TREATY | ||
| 650 | _aSINGLE MARKET | ||
| 690 | _aEUROPE-SINGLE MARKET | ||
| 942 | _n0 | ||
| 948 | _c04/03/1997 | ||
| 999 |
_c38991 _d38991 |
||